Mente abierta. Corazón creyente.
Saved in:
| Main Author: | |
|---|---|
| Format: | Book |
| Language: | English |
| Published: |
Buenos Aires, Argentina:
Claretiana,
2014.
|
| Edition: | 1a. edición. |
| Series: | Pastores.
|
| Subjects: | |
| Tags: |
Add Tag
No Tags, Be the first to tag this record!
|
MARC
| LEADER | 00000nam a22000007a 4500 | ||
|---|---|---|---|
| 003 | CL-VaPUC | ||
| 005 | 20250227130635.0 | ||
| 008 | 230817t2014 ||||| |||| 00| 0 eng d | ||
| 999 | |c 441582 |d 441580 | ||
| 020 | |a 978-950-512-778-8 | ||
| 040 | |c Pontificia Universidad Católica de Valparaíso | ||
| 082 | |2 22 |a 248.4 BER 2014 | ||
| 100 | |9 570707 |a Bergoglio, Jorge Mario, |c S.J. |e autor | ||
| 245 | |a Mente abierta. |b Corazón creyente. | ||
| 250 | |a 1a. edición. | ||
| 260 | |a Buenos Aires, Argentina: |b Claretiana, |c 2014. | ||
| 300 | |a 240 páginas. | ||
| 490 | |a Pastores. | ||
| 500 | |a c.1 Donación Sr. Jorge Precht Pizarro. 26-05-23. Biblioteca Teología. | ||
| 583 | |c 20230817 |k Yessy Sthefany Diaz Vidal | ||
| 600 | 0 | |9 881404 |a Francisco, Papa |x Retiros espirituales |x Iglesia Católica | |
| 650 | 0 | |9 267331 |a Espiritualidad |x Cristianismo | |
| 650 | 0 | |a Vida cristiana |x Evangelios de Jesús |9 258753 | |
| 942 | |2 ddc |c BK | ||
| 952 | |0 0 |1 0 |2 ddc |4 0 |6 248_400000000000000_BER_2014 |7 0 |8 A |9 591261 |a BIBTEO |b BIBTEO |c GEN |d 2023-08-17 |e Donación |i 5658259 |o 248.4 BER 2014 |p 5658259 |r 2025-01-17 |t 1 |w 2023-08-17 |y BK |k ICR | ||